BIBLIOTHÈQUE DE LA MAISON DU MEXIQUE

Logo 1 Logo 2

Recuerdos de la invasión norteamericana (notice nᵒ 10438)

détails MARC
000 -Sello discográfico
campo de control de longitud fija 01059nam a2200313 4500
005 - Identificación de versión
campo de control 20251016084440.0
010 ## - Número Estándar Internacional de Libros (ISBN)
Número (ISBN) 968-434-408-2
035 ## - Otros números de control del sistema
Número de control del sistema 17049
099 ## - fechas locales
Tipo de ítem Koha LIBRO
100 ## - Datos de procesamiento general
Datos de procesamiento general 20040107d1986 m y1spay5003 ba
105 ## - Campo de datos codificados: Material textual, monográfico
Datos codificados de monografía y 001zy
200 1# - Título y mención de responsabilidad
Título propio Recuerdos de la invasión norteamericana
Designación general del material texto impreso
Otra información del título 1846-1848
Primer mención de responsabilidad José María Roa Bárcena
Declaración de responsabilidad subsiguiente prólogo Gastón García Cantú
210 ## - Publicación, distribución, etc.
Lugar de publicación, distribución, etc. México
Nombre del editor, distribuidor, etc. Universidad Veracruzana
Fecha de publicación, distribución, etc. 1986
215 ## - Descripción física
Designación de material específico y extensión del ítem 686 p
Dimensiones 21 cm
345 ## - Nota de información de adquisición
Fuente de adquisición/dirección de la suscripción [OBSOLETO] Donación
410 #1 - Series
Título Colección Rescate
Número de volumen 16
607 ## - Nombre geográfico utilizado como tema
Elemento de entrada Estados Unidos
Subdivisión temática Historia
Subdivisión cronológica Guerra con México, 1845-1848
Número Koha 2356
607 ## - Nombre geográfico utilizado como tema
Elemento de entrada México
Subdivisión temática Historia
Subdivisión cronológica Guerra con Estados Unidos, 1845-1848
Número Koha 487
660 ## - Código de área geográfica
Código MX
700 ## - Nombre personal - Responsabilidad primaria
Elemento de entrada Roa Bárcena
Parte del nombre distinta del elemento de entrada José María
Fechas 1827-1908
Número Koha 10512
702 ## - Nombre personal - Responsabilidad secundaria
Elemento de entrada García Cantú
Parte del nombre distinta del elemento de entrada Gastón
Fechas 1917-2004
Número Koha 1343
801 #0 - Fuente de origen
Agencia cm
900 ## -
-- 1/5835
900 ## -
-- 7100417596\070104
942 ## - ELEMENTOS DE ENTRADA SECUNDARIOS (KOHA)
Tipo de ítem Koha Livre
996 ## -
-- MEX
-- 751145101
-- MMAG
-- 009063
-- 972.05 R62R
-- 20231116LIV
Exemplaires
Estatus retirado Estado de daño Estado de pérdida Fecha de adquisición Biblioteca de origen Biblioteca actual Ubicación en estantería Código de barras Precio de reemplazo Signatura topográfica completa No para préstamo Tipo de ítem Koha Nota pública Nota no pública
      05/08/2025 Casa México Paris Casa México Paris   009063 05/08/2025 972.05 R62R   Livre 20231116LIV 751145101